Football Equipe de France a la coupe du monde 2018 par image - Statistiques

Statistiques générales
  • Ce quiz a été pris 75 fois
  • Le résultat moyen est 15 sur 16
Statistiques - réponses
Par images Réponse % Correct
Giroud
100%
Griezmann
100%
Lloris
100%
Rami
100%
Hernandez
98%
Kante
98%
Pavard
98%
Pogba
98%
Umtiti
98%
Varane
98%
Dembelé
97%
Matuidi
97%
Mandanda
95%
Thauvin
90%
Fekir
87%
Mendy
85%
Aucun quiz correspondant
Distribution des résultats
% des personnes avec chaque résultat
Percentile par nombre de réponses
Votre historique - résultats
Vous n’avez pas pris ce quiz